Cliquez sur la bonne traduction en anglais - Les fruits - Statistiques

Statistiques générales
  • Ce quiz a été pris 1 811 fois
  • Le résultat moyen est 18 sur 21
Statistiques - réponses
Hint Réponse % Correct
Melon
Melon
97%
Abricot Apricot
94%
Avocat Avocado
93%
Banane Banana
92%
Orange Orange
92%
Pêche Peach
92%
Ananas Pineapple
92%
Pomme Apple
91%
Noix de coco Coconut
91%
Citron Lemon
91%
Fraise Strawberry
91%
Pastèque Watermelon
90%
Cerise Cherry
88%
Poire Pear
88%
Cacahuète Peanut
87%
Framboise Raspberry
82%
Mandarine Tangerine
82%
Raisin Grape
80%
Mûre Blackberry
74%
Noisette Hazelnut
66%
Pamplemousse Grapefruit
64%
Aucun quiz correspondant
Distribution des résultats
% des personnes avec chaque résultat
Percentile par nombre de réponses
Votre historique - résultats
Vous n’avez pas pris ce quiz